000 01840aam a2200409 i 4500
001 768714001
003 CO-MdFUSB
005 20250711170608.0
007 ta
008 231023t2004 spa||||g |||| 001 0 spa d
020 _a84-7658-694-9
040 _aCO-MdFUSB
_bspa
_cCO-MdFUSB
_dCO-MdFUSBC
_erda
041 _aspa
_hger
082 _223
_a296.3
_bC678
100 _aCohen, Hermann,
_eautor
240 _aDie religion der vernunft aus den quellen des judentums
245 3 _aLa religión de la razón desde las fuentes del Judaísmo
_c/ Hermann Cohen ; traducido por José Andrés Ancona Quiroz
264 1 _aBarcelona, España :
_bAnthropos,
_c[2004]
264 4 _c©2004
300 _a389 páginas
_c; 24 cm
336 _2rdacontent
_atexto
_btxt
337 _2rdamedia
_asin mediación
_bn
338 _2rdacarrier
_avolumen
_bnc
490 _aPensamiento crítico - pensamiento utópico.
504 _aIncluye índice
505 _aLa unicidad de Dios -- La idolatría -- La creación -- La revelación -- La creación del ser humano en la razón -- Los atributos de la acción -- El Espíritu Santo -- El descubrimiento del hombre como prójimo -- El problema del amor religioso -- El individuo en cuanto yo -- La reconciliación -- El día de la reconciliación -- La idea del Mesías y de la humanidad -- Inmortalidad y resurrección -- La ley -- La oración -- Las virtudes -- La justicia -- La valentía -- La fidelidad -- La paz.
563 _aRústico.
650 7 _96881
_aJudaísmo
650 7 _aFilosofía
_97168
650 7 _9385
_aReligión
653 _aTeología judía
653 _aCohen, Hermann, 1942-1918 -- Crítica e interpretación
653 _aJudaísmo - Aspectos racionalistas
700 _98800
_aAncona Quiroz, José Andrés,
_etraductor
942 _cBK
945 _asor1564
999 _c69194
_d69194